00655nam a2200145Ia 4500008004100000100003100041245013200072245007500204260005300279260000900332650001500341856006100356999001900417952007300436170221s9999 xx 000 0 und d aMohamed Abdellatif Abu Auf 4aThe Relationship between Word of Mouth and Consumer Buying Behavior Mediating by Religious Orientation in Riyadh, Saudi Arabia  cMohamed Abdellatif Abu Auf, Salniza Bt Md. Salleh, Rushami Zien Yusoff bInternational Review of Management and Marketing c2013 xMarketing. uhttp://www.econjournals.com/index.php/irmm/issue/view/88 c310489d310489 001040aCLbCLd2017-02-21l0r2017-02-21 00:00:00w2017-02-21yFOJ